Estudios geográficos / (Record no. 166507)

MARC details
000 -LEADER
campo de control de longitud fija 00647nam a22001935i 4500
001 - NÚMERO DE CONTROL
campo de control 166507
003 - IDENTIFICADOR DE NÚMERO DE CONTROL
campo de control ES-MaACL
005 - FECHA Y HORA DE LA ÚLTIMA TRANSACCIÓN
campo de control 20250815062540.0
008 - DATOS DE LONGITUD FIJA--INFORMACIÓN GENERAL
campo de control de longitud fija 940206s1895 sp |||| | spa d
040 ## - FUENTE DE CATALOGACIÓN
Centro catalogador/agencia de origen AS
Lengua de catalogación spa
100 1# - ENTRADA PRINCIPAL--NOMBRE DE PERSONA
Nombre de persona Torres Campos, Rafael,
Fechas asociadas al nombre 1853-1904
9 (RLIN) 110935
245 10 - MENCIÓN DEL TÍTULO
Título Estudios geográficos /
Mención de responsabilidad, etc. por Rafael Torres Campos ; con un prólogo del Excmo. Sr. D. Francisco Coello.
260 ## - PUBLICACIÓN, DISTRIBUCIÓN, ETC.
Lugar de publicación, distribución, etc. Madrid :
Nombre del editor, distribuidor, etc. [s.n.],
Fecha de publicación, distribución, etc. 1895 (
Fabricante Fortanet)
300 ## - DESCRIPCIÓN FÍSICA
Extensión XVI, 475 p. ;
Dimensiones 25 cm.
650 07 - PUNTO DE ACCESO ADICIONAL DE MATERIA--TÉRMINO DE MATERIA
Término de materia o nombre geográfico como elemento de entrada Geografía
Fuente del encabezamiento o término embne
9 (RLIN) 13070
700 1# - ENTRADA AGREGADA--NOMBRE PERSONAL
Nombre de persona Coello, Francisco,
Fechas asociadas al nombre 1822-1898
9 (RLIN) 39459
852 ## - LOCALIZACIÓN
Ubicación ES-MaACL
Número de control de estantería C-849
Nota libre -- Enc. pasta
Holdings
Estatus retirado Estado de pérdida Estado de daño No para préstamo Colección Biblioteca de origen Biblioteca actual Ubicación en estantería Fecha de adquisición Fuente de adquisición Total de préstamos Signatura topográfica completa Código de barras Visto por última vez Precio de reemplazo Tipo de ítem Koha
        Libros del s. XIX Biblioteca del Ateneo de Madrid Biblioteca del Ateneo de Madrid Sala Palomar 17/01/2008     C-849 1174634 23/02/2023 23/02/2023 Libro impreso antiguo